000 00581nam a2200193 i 4500
001 21126
003 ES-MaACL
005 20250712031707.0
007 t|
008 021121s1963 sp ||||1| spa d
100 1 _aAlavedra, Juan.
_919177
245 1 0 _aPablo Casals /
_cJuan Alavedra ; [traducción de Fernando Gutiérrez].
250 _a[1ª ed.].
260 _aBarcelona, etc. :
_bPlaza & Janés,
_c[1963]
300 _a416 p., 16 lám. ;
_c21 cm.
700 1 _aGutiérrez, Fernando,
_d1911-1984
_9156260
852 _aES-MaACL
_jC-24098
_bR.52709
999 _c21126
_d21126